| 000 | 00485nam a2200193 a 4500 | ||
|---|---|---|---|
| 001 | 13717 | ||
| 003 | CO-ViMGA | ||
| 008 | 141112s2004 ck r 000 u spa d | ||
| 020 | _a848280202X, 9682424976 | ||
| 040 |
_aCO-ViMGA _bspa _cCO-ViMGA |
||
| 082 | 0 | 4 | _aGRIh |
| 100 | 1 |
_aGrimm, _920015 |
|
| 245 | 1 | 0 | _aHansel y gretel |
| 260 |
_aSantafé de Bogotá : _bOveja Negra, _cs.f. |
||
| 300 | _a10 | ||
| 590 | _aEjemplares : 2 | ||
| 650 | 1 | 4 |
_aCUENTOS INFANTILES _92743 |
| 942 |
_2ddc _cBK |
||
| 999 |
_c24438 _d24438 |
||